[Event "Stay Safe Play From Home 142"]
[Site "T#645977Emanuel Laske"]
[Date "2020.05.12"]
[Round "3"]
[White "matanant"]
[Black "CastlingArrocco"]
[Result "0-1"]
[WhiteElo "1592"]
[BlackElo "1976"]
[Annotator "TA"]
[PlyCount "64"]
[EventDate "2020.05.12"]
[EventType "swiss (blitz)"]

{[%evp 9,64,18,20,12,22,22,20,10,37,2,35,24,28,-229,22,-20,22,29,30,16,20,20,60,13,10,6,37,0,60,64,58,86,102,19,26,0,0,0,20,0,0,-16,12,-107,-49,-103,-86,-317,-308,-3438,-3254,-29983,-29982,-29982,-29983,-29993,-29991]} 1. b3 d5 2. Bb2 c6 3. e3 e6 4. f4 f5 5. Nf3 Nf6 6. Be2 {A01: Nimzowitsch-Larsen Opening.} Bd6 7. O-O Qe7 8. c4 {The position is equal.} Nbd7 {[#]} 9. d4 $146 ({Predecessor:} 9. Ne5 O-O 10. Kh1 Ne4 11. d3 Nef6 12. Nd2 Bc5 13. d4 Bd6 14. a4 a5 15. g4 {½-½ (39) Kozarcanin,S (2051)-Oputic,M (1916) Sarajevo 2018}) 9... O-O 10. c5 Bc7 11. Nbd2 $2 {[%mdl 8192] [#]} (11. Ne5 $11 {and White is okay.}) 11... Ne4 $2 (11... Ng4 $19 12. Re1 Nxe3) 12. Bd3 Nxd2 13. Qxd2 Nf6 14. Ne5 Ne4 15. Bxe4 Bxe5 16. fxe5 dxe4 17. b4 b6 18. cxb6 Ba6 (18... axb6 $11 19. Rfc1 Qd7) 19. Rfc1 $14 axb6 20. Rxc6 Bd3 21. a3 (21. a4 $16) 21... b5 22. Rac1 Bc4 23. Rc5 Qd7 24. Qf2 g5 25. g3 Qf7 26. Kg2 (26. d5 $11 {keeps the balance.}) 26... Bd5 (26... f4 $17 {Strongly threatening ...Qg6.} 27. gxf4 gxf4) 27. Rc7 {[#]} ({White should try} 27. Rg1 $15) 27... Qg6 $1 $17 28. Rd7 $2 (28. Kf1 $17 {was necessary.}) 28... f4 $19 {And now ...fxe3 would win.} 29. exf4 $2 (29. Rcc7 fxe3 30. Qxe3) 29... e3+ {[%mdl 64] Discovered Attack} 30. Qf3 Bxf3+ {Black mates.} 31. Kxf3 gxf4 32. gxf4 Qh5+ {Accuracy: White = 32%, Black = 61%.} 0-1

[Event "Stay Safe Play From Home 142"]
[Site "T#645977Emanuel Laske"]
[Date "2020.05.12"]
[Round "4"]
[White "rohit2007"]
[Black "Onlyforchess"]
[Result "0-1"]
[WhiteElo "2246"]
[BlackElo "2537"]
[Annotator "TA"]
[PlyCount "130"]
[EventDate "2020.05.12"]
[EventType "swiss (blitz)"]

{[%evp 11,129,26,24,27,33,33,57,53,126,119,112,105,179,93,97,75,85,75,92,0,4,-59,-56,-69,-66,-75,-75,-111,-83,-140,-112,-144,-67,-62,-81,-75,-87,-81,-9,-74,-66,-74,0,-59,41,-270,-270,-261,-196,-209,-159,-155,-141,-169,-175,-176,-154,-291,-142,-132,0,0,0,-133,-137,-136,-118,-123,-126,-288,-150,-150,-150,-188,-193,-244,-188,-200,-179,-240,-246,-328,-335,-376,-335,-335,-309,-295,-282,-272,-264,-252,-234,-1006,-295,-29985,-29986,-29986,-29987,-29987,-29988,-29988,-29989,-29989,-29990,-29990,-29991,-29992,-29991,-29993,-29991,-29992,-29993,-29997,-29994,-29994,-29995,-29996,-29996,-29999]} 1. e4 c5 2. Nf3 Nc6 3. d4 cxd4 4. Nxd4 e5 5. Nb5 d6 6. c4 Be7 7. N5c3 {B32: Sicilian: Löwenthal and Kalashnikov Variations.} a6 8. Nd5 Be6 9. Nbc3 {[#] White is slightly better.} f5 $146 ({Black should play} 9... Nf6 $14) ({Predecessor:} 9... Nf6 10. Be3 O-O 11. Be2 Rc8 12. Nb6 Rb8 13. O-O Nd7 14. Nbd5 Bg5 15. b4 Bxe3 16. fxe3 Bxd5 17. Nxd5 {1-0 (76) Runic,Z (2403)-Bogut,Z (2433) Neum 2011}) 10. exf5 Bxf5 11. Bd3 Be6 (11... Bxd3 $16 12. Qxd3 Nf6) 12. O-O (12. Be3 $18) 12... Nf6 $16 13. Kh1 O-O 14. f4 Nd4 15. f5 ({White should try} 15. Be3 $16) 15... Bf7 16. Ne4 (16. Nxe7+ $11 Qxe7 17. b3) 16... Nxd5 $15 17. cxd5 Bxd5 18. Nc3 Bc6 19. Qg4 Bf6 20. Bh6 (20. Be3 $142) 20... Kh8 21. Be3 d5 (21... Nb5 $17 {White must now prevent ...Nxc3.} 22. Na4 d5) 22. Bxd4 $1 exd4 23. Ne2 Qb6 $36 {[%mdl 2048] Keeping White busy.} 24. Nf4 Qxb2 {[#]} (24... Rfe8 $1 $17 25. Ne6 Qxb2) 25. Qh5 (25. Ng6+ $1 $11 {[%mdl 512]} Kg8 (25... hxg6 26. Qh3+) 26. Nxf8 Rxf8 27. Rfe1) 25... Be8 $17 26. Qh3 Bf7 (26... Rf7 $1 $17 {And now ...Bc6 would win.} 27. Nxd5 Qa3) 27. Rae1 (27. Rab1 $11 Qd2 28. Ng6+ Bxg6 29. fxg6) 27... Rae8 (27... Rfe8 $15 28. Re6 Qa3) 28. Rxe8 $4 {[%mdl 8192]} (28. Ng6+ $14 {keeps the upper hand.} Kg8 29. Nxf8 Rxf8 30. a4) 28... Rxe8 $19 29. Ne6 Qd2 30. g4 Qe3 31. Rf3 Qe1+ 32. Rf1 Qd2 $1 33. Qg3 h6 34. h4 {[#]} (34. Rf2 $17 Qe3 35. Rf3 Qc1+ 36. Kg2) 34... Qe3 (34... Bxh4 $1 $19 {[%mdl 512]} 35. Qf3 (35. Qxh4 Qxd3) 35... Rc8 36. Nxd4 Rc3) 35. Rf3 $17 Qc1+ (35... Qe5 $1 $17 {Hoping for ...Qxg3.} 36. g5 Qxg3 37. Rxg3 Be5) 36. Rf1 $11 Qe3 ({Better is} 36... Qd2 $11 37. g5 Be7) 37. Rf3 $1 $17 {[%cal Rf3e3]} Qe5 $1 38. g5 Qxg3 39. Rxg3 Be5 40. Rh3 $2 (40. Rg2 $17 {keeps fighting.}) 40... Bxe6 (40... Bh5 $19 {aiming for ...Bg4.} 41. Kg2 Rc8) 41. fxe6 Rxe6 42. gxh6 Rxh6 $19 {[%mdl 4096] Endgame KRB-KRB} 43. Rf3 (43. Kg2 {was the only defense.}) 43... Bf6 44. Kg2 Rxh4 45. Rf5 {[#]} (45. Bf5 $142) 45... Rg4+ $1 46. Kf3 {[#]} Rg5 $1 47. Rxg5 Bxg5 {KB-KB} 48. Kg4 Bf6 49. Kf5 Kg8 50. Ke6 Kf8 51. Kxd5 g5 52. Kc5 $2 (52. Ke4) 52... Kg7 $2 (52... g4 53. Bf1 g3) 53. Kb6 $2 (53. Bf5 $19) 53... g4 {Black mates.} 54. Be4 g3 55. Kxb7 {[#]} d3 $1 56. Kxa6 (56. Bxd3 g2) 56... d2 57. Bf3 {[#]} g2 $1 {[%mdl 576] Deflection, Promotion} 58. Bxg2 d1=Q 59. Bc6 Qe1 60. Bb5 Be5 61. a4 Qc3 62. Kb7 Bd4 63. a5 Qc5 64. a6 Qb6+ 65. Ka8 Qa7# {Accuracy: White = 45%, Black = 47%.} 0-1

[Event "Stay Safe Play From Home 142"]
[Site "T#645977Emanuel Laske"]
[Date "2020.05.12"]
[Round "4"]
[White "Haxhi Baha"]
[Black "Weltszmerc"]
[Result "0-1"]
[WhiteElo "2032"]
[BlackElo "2027"]
[Annotator "RC"]
[PlyCount "96"]
[EventDate "2020.05.12"]
[EventType "swiss (blitz)"]

1. e4 {[%emt 0:00:01]} Nf6 {[%emt 0:00:00]} 2. e5 {[%emt 0:00:01]} Nd5 {[%emt 0:00:00]} 3. c4 {[%emt 0:00:00]} Nb6 {[%emt 0:00:00]} 4. d4 {[%emt 0:00:00]} d6 {[%emt 0:00:01]} 5. exd6 {[%emt 0:00:00]} cxd6 {[%emt 0:00:00]} 6. Nc3 {[%emt 0:00:00]} g6 {[%emt 0:00:00]} 7. Nf3 {[%emt 0:00:01]} Bg7 {[%emt 0:00:00]} 8. Be3 {[%emt 0:00:00]} O-O {[%emt 0:00:00]} 9. h3 {[%emt 0:00:00]} Nc6 {[%emt 0:00:00]} 10. b3 {[%emt 0:00:02]} e5 {[%emt 0:00:00]} 11. d5 {[%emt 0:00:01]} Ne7 {[%emt 0:00:01]} 12. Rc1 {[%emt 0:00:02]} Nf5 {[%emt 0:00:01]} 13. Bg5 {[%emt 0:00:02]} f6 {[%emt 0:00:02]} 14. Bd2 {[%emt 0:00:01]} Re8 {[%emt 0:00:02]} 15. Be2 {[%emt 0:00:01]} e4 {[%emt 0:00:01]} 16. Nh2 {[%emt 0:00:02]} e3 {[%emt 0:00:01]} 17. fxe3 {[%emt 0:00:01]} Nxe3 {[%emt 0:00:01]} 18. Bxe3 {[%emt 0:00:01]} Rxe3 {[%emt 0:00:00]} 19. O-O {[%emt 0:00:01]} f5 {[%emt 0:00:01]} 20. Nb5 {[%emt 0:00:02]} Qf6 {[%emt 0:00:03]} 21. Bf3 {[%emt 0:00:01]} a6 {[%emt 0:00:02]} 22. Nc7 {[%emt 0:00:01]} Rb8 {[%emt 0:00:01]} 23. Ne6 {[%emt 0:00:00]} Bxe6 {[%emt 0:00:01]} 24. dxe6 {[%emt 0:00:00]} Qxe6 {[%emt 0:00:01]} 25. c5 {[%emt 0:00:01]} dxc5 {[%emt 0:00:03]} 26. Rxc5 {[%emt 0:00:01]} Kh8 {[%emt 0:00:02]} 27. Rc2 {[%emt 0:00:02]} Re8 {[%emt 0:00:02]} 28. Kh1 {[%emt 0:00:02]} Qe5 {[%emt 0:00:01]} 29. Qc1 {[%emt 0:00:05]} Bf8 {[%emt 0:00:02]} 30. Bxb7 {[%emt 0:00:02]} Bd6 {[%emt 0:00:01]} 31. Nf3 {[%emt 0:00:01]} Qg3 {[%emt 0:00:03]} 32. Qd2 {[%emt 0:00:05]} Re2 {[%emt 0:00:03]} 33. Qxe2 {[%emt 0:00:03]} Rxe2 {[%emt 0:00:00]} 34. Rxe2 {[%emt 0:00:00]} Kg7 {[%emt 0:00:01]} 35. Re6 {[%emt 0:00:02]} Kh6 {[%emt 0:00:02]} 36. Rd1 {[%emt 0:00:02]} Bf4 {[%emt 0:00:01]} 37. Re7 {[%emt 0:00:01]} a5 {[%emt 0:00:08]} 38. a4 {[%emt 0:00:01]} Qf2 {[%emt 0:00:02]} 39. b4 {[%emt 0:00:01]} axb4 {[%emt 0:00:01]} 40. a5 {[%emt 0:00:00]} Qc5 {[%emt 0:00:01]} 41. Rf7 {[%emt 0:00:03]} Qc4 {[%emt 0:00:01]} 42. Re7 {[%emt 0:00:02]} Qc2 {[%emt 0:00:01]} 43. Rde1 {[%emt 0:00:00]} Nd5 {[%emt 0:00:02]} 44. Rxh7+ {[%emt 0:00:00]} Kxh7 {[%emt 0:00:01]} 45. Bxd5 {[%emt 0:00:00]} Kh6 {[%emt 0:00:00]} 46. Re8 {[%emt 0:00:01]} Qf2 {[%emt 0:00:00]} 47. Re1 {[%emt 0:00:01]} Kg7 {[%emt 0:00:00]} 48. Bc6 {[%emt 0:00:01]} Qxe1+ {[%emt 0:00:00] Time (Lag: Av=0.89s, max=1.3s)} 0-1

[Event "Stay Safe Play From Home 142"]
[Site "T#645977Emanuel Laske"]
[Date "2020.05.12"]
[Round "4"]
[White "CastlingArrocco"]
[Black "Little champs"]
[Result "0-1"]
[WhiteElo "1979"]
[BlackElo "2199"]
[Annotator "TA"]
[PlyCount "48"]
[EventDate "2020.05.12"]
[EventType "swiss (blitz)"]

{[%evp 9,48,-8,-3,-27,-7,-16,-13,-25,-5,-39,-38,-69,-60,-70,-24,-25,7,7,12,13,13,13,63,0,0,-15,-10,-784,-772,-1186,-1183,-989,-763,-1027,-635,-1215,-1006,-29989,-29990,-29994,-29995]} 1. d4 Nf6 2. e3 e6 3. f4 d5 4. Nf3 Be7 5. Bd3 O-O 6. Ne5 {D00: 1 d4 d5: Unusual lines.} b6 7. c3 Bb7 8. Qe2 {[#] The position is equal.} c5 $146 ({Predecessor:} 8... Nbd7 9. O-O Ne4 10. Nd2 Ndf6 11. Rf3 c5 12. Rh3 c4 13. Bc2 g6 14. g4 b5 15. Qg2 Nxd2 16. Bxd2 Ne4 17. Be1 f6 18. Nf3 {0-1 (43) Sandner,J (1455)-Lueders,G (1660) Bergen 2010}) 9. Nd2 (9. b3 {is interesting.} Ne4 10. Bb2 Nd7 11. O-O Ndf6 12. c4) 9... Ne4 10. Nxe4 dxe4 11. Bc2 Nd7 12. O-O Nxe5 13. fxe5 f6 14. exf6 Bxf6 15. Bd2 e5 {[%cal Rc5d4]} 16. dxe5 ({White should play} 16. dxc5 $14 bxc5 17. Be1) 16... Bxe5 $11 17. Bb3+ Kh8 18. Qg4 $2 {[%mdl 8192] [#] This costs White the game.} (18. Rxf8+ $11 Qxf8 19. Rf1) 18... Qxd2 $19 19. Rad1 Qxe3+ 20. Kh1 Bc6 21. Rfe1 Qf4 {[%csl Ge5][%cal Rf4h2]} 22. Qh3 {[#]} e3 $1 {Hoping for ...e2!} 23. Rg1 (23. Rxe3 Qf1+) 23... Rf6 24. Rde1 Rh6 {Accuracy: White = 48%, Black = 68%.} 0-1

[Event "Stay Safe Play From Home 142"]
[Site "T#645977Emanuel Laske"]
[Date "2020.05.12"]
[Round "4"]
[White "Ionutn28"]
[Black "Trotsky"]
[Result "1-0"]
[WhiteElo "1760"]
[BlackElo "1572"]
[Annotator "NA RC"]
[PlyCount "69"]
[EventDate "2020.05.12"]
[EventType "swiss (blitz)"]

1. e4 {[%emt 0:00:01]} c5 {[%emt 0:00:01]} 2. d3 {[%emt 0:00:02]} e6 {[%emt 0:00:01]} 3. Nd2 {[%emt 0:00:00]} d5 {[%emt 0:00:01]} 4. Ngf3 {[%emt 0:00:00]} Nc6 {[%emt 0:00:01]} 5. g3 {[%emt 0:00:01]} Bd6 {[%emt 0:00:01]} 6. Bg2 {[%emt 0:00:01]} Qc7 {[%emt 0:00:01]} 7. O-O {[%emt 0:00:01]} Nf6 {[%emt 0:00:01]} 8. Re1 {[%emt 0:00:00]} Bd7 {[%emt 0:00:01]} 9. Qe2 {[%emt 0:00:02]} O-O-O {[%emt 0:00:02]} 10. e5 {[%emt 0:00:02]} Ng4 {[%emt 0:00:02]} 11. exd6 {[%emt 0:00:01]} Qxd6 {[%emt 0:00:01]} 12. Nf1 {[%emt 0:00:01]} h5 {[%emt 0:00:02]} 13. Bf4 {[%emt 0:00:01]} e5 {[%emt 0:00:01]} 14. Nxe5 {[%emt 0:00:03]} Ncxe5 {[%emt 0:00:01]} 15. Bxe5 {[%emt 0:00:01]} Nxe5 {[%emt 0:00:04]} 16. Qxe5 {[%emt 0:00:01]} Qg6 {[%emt 0:00:02]} 17. Qxd5 {[%emt 0:00:03]} Bc6 {[%emt 0:00:01]} 18. Qxc5 {[%emt 0:00:03]} h4 {[%emt 0:00:03]} 19. Bxc6 {[%emt 0:00:01]} bxc6 {[%emt 0:00:02]} 20. Re4 {[%emt 0:00:02]} hxg3 {[%emt 0:00:02]} 21. fxg3 {[%emt 0:00:01]} Rh5 {[%emt 0:00:01]} 22. Qxa7 {[%emt 0:00:02]} Rdh8 {[%emt 0:00:02]} 23. Qa8+ {[%emt 0:00:07]} Kc7 {[%emt 0:00:01]} 24. Re7+ {[%emt 0:00:02]} Kd6 {[%emt 0:00:01]} 25. Qa3+ {[%emt 0:00:04]} c5 {[%emt 0:00:03]} 26. d4 {[%emt 0:00:01]} Kxe7 {[%emt 0:00:02]} 27. dxc5 {[%emt 0:00:01]} Rxh2 {[%emt 0:00:02]} 28. Nxh2 {[%emt 0:00:02]} Qxc2 {[%emt 0:00:04]} 29. Re1+ {[%emt 0:00:01]} Kf8 {[%emt 0:00:02]} 30. c6+ {[%emt 0:00:03]} Kg8 {[%emt 0:00:02]} 31. Qa8+ {[%emt 0:00:00]} Kh7 {[%emt 0:00:01]} 32. Rf1 {[%emt 0:00:01]} Kg6 {[%emt 0:00:02]} 33. Qxh8 {[%emt 0:00:01]} Qc5+ {[%emt 0:00:04]} 34. Kg2 {[%emt 0:00:01]} Qd5+ {[%emt 0:00:01]} 35. Nf3 {[%emt 0:00:01] Âðåìÿ (Lag: Av=0.51s, max=1.0s)} 1-0

[Event "Stay Safe Play From Home 142"]
[Site "T#645977Emanuel Laske"]
[Date "2020.05.12"]
[Round "4"]
[White "Nagaram"]
[Black "SoulofWolf"]
[Result "0-1"]
[WhiteElo "1502"]
[BlackElo "2138"]
[Annotator "TA"]
[PlyCount "70"]
[EventDate "2020.05.12"]
[EventType "swiss (blitz)"]

{[%evp 9,69,-38,-31,-56,13,-12,-8,-10,-13,-15,-16,-12,-1,-10,12,-3,-14,-38,-12,-77,-44,-83,-64,-68,-46,-47,0,-27,-22,-163,-11,-300,-138,-314,-211,-1698,-1685,-1670,-1649,-29991,-1788,-29989,-29990,-29992,-29993,-29994,-29992,-29993,-29994,-29994,-29993,-29993,-29993,-29994,-29992,-29993,-29993,-29997,-29994,-29998,-29999,-29999]} 1. e4 c5 2. Nf3 e6 3. d4 d5 4. e5 Nc6 5. Be3 Nge7 6. dxc5 {C02: French: Advance Variation.} Ng6 (6... Nf5 $15 7. Qd3 Nxe3 8. Qxe3 Qa5+ 9. Qd2 Qxc5) 7. Nc3 Ngxe5 8. Nxe5 {The position is equal.} Nxe5 9. Bd4 Nc6 10. Bb5 Bd7 {[#]} 11. O-O $146 ({Predecessor:} 11. Bxc6 Bxc6 12. O-O Be7 13. Qg4 Bf6 14. Rae1 O-O 15. Re3 b6 16. Rd1 bxc5 17. Bxc5 {½-½ (27) Silva (1951)-Wingo,M (2127) LSS email 2008}) 11... f6 12. Bxc6 (12. Re1 {feels hotter.} Rc8 13. Be3 Be7 14. f4 O-O 15. Bf2) 12... bxc6 13. f4 Be7 14. Re1 (14. Qh5+ $11 g6 15. Qf3) 14... O-O 15. Bf2 Rb8 16. Rb1 Rb7 17. a3 a5 18. Qd3 Qb8 19. Rbd1 {White is now going downhill.} (19. Qd2 $11 {and White stays safe.}) 19... Rxb2 $2 (19... Qxf4 $19 20. b3 Qc7) 20. Re2 $2 {[%mdl 8192]} (20. Na4 $11 Rb7 21. Nb6) 20... Rb7 (20... Qxf4 $19 {and Black stays clearly on top.} 21. Bg3 Qg4) 21. Qh3 $2 (21. Na4 $17 {was necessary.}) 21... e5 22. fxe5 $2 (22. Qf3) 22... Bxh3 $19 23. gxh3 fxe5 24. Rxe5 Bf6 (24... Rxf2 $142 25. Rde1 Bxc5 26. Re8+ Rf8+ {[%mdl 64] Discovered Attack} 27. Kg2 Rxe8 28. Re2 Rf7 29. h4 Rxe2+ 30. Nxe2 Rf2+ {[%mdl 64] Double Attack} 31. Kh3 h5 32. Nf4 Qxf4 33. c3 Rxh2#) 25. Rf5 Bxc3 {Black mates.} 26. Rxf8+ Qxf8 27. Rd3 {[#]} d4 $1 28. Bxd4 Bxd4+ 29. Rxd4 Rb2 30. Rd2 {[#]} Qf5 $1 31. Rf2 Qxc5 32. Kf1 Rxc2 {[%csl Gc2][%cal Rc5f2]} 33. Rf3 Qe5 {[%cal Re5a1]} 34. Rf8+ Kxf8 {[%cal Re5a1]} 35. h4 Qa1# {Accuracy: White = 31%, Black = 36%.} 0-1

[Event "Stay Safe Play From Home 142"]
[Site "T#645977Emanuel Laske"]
[Date "2020.05.12"]
[Round "5"]
[White "Mepe_Nika"]
[Black "Onlyforchess"]
[Result "0-1"]
[WhiteElo "2368"]
[BlackElo "2543"]
[Annotator "TA"]
[PlyCount "116"]
[EventDate "2020.05.12"]
[EventType "swiss (blitz)"]

{[%evp 9,116,31,45,10,17,0,7,0,0,0,0,-122,-123,-114,-108,-108,-111,-107,-110,-177,-179,-178,-167,-158,-182,-253,-57,-58,-45,-77,353,351,346,338,343,159,198,188,187,184,258,246,320,0,0,0,0,7,983,-320,-304,-295,-283,-281,-261,-298,-321,-287,-273,-373,-179,-129,-7,-66,0,0,0,-12846,2120,-10,0,-33,0,-28,0,0,0,-1242,-1136,-889,-544,-370,0,0,0,0,0,0,0,0,0,0,0,0,0,-27996,-27996,-27997,-27995,-27996,-27994,-27997,-27994,-27996,-27996,-27997,-27996,-27998,-27998]} 1. c4 c5 2. g3 Nc6 3. Bg2 e5 4. Nc3 g6 5. d3 Bg7 6. Bd2 {A36: Symmetrical English vs ...g6: 4 Bg2 Bg7.} Nge7 7. Qc1 O-O 8. Bh6 {The position is equal.} d6 {[#]} 9. h4 $146 ({Predecessor:} 9. Bxg7 Kxg7 10. Nf3 Bf5 11. h3 Qd7 12. g4 Be6 13. Ng5 f6 14. Nxe6+ Qxe6 15. Nd5 {½-½ (54) Foisor,C (2412)-Pogonina,N (2467) St Petersburg 2009}) 9... f6 10. h5 (10. Qd2 $11 {remains equal.}) 10... Bxh6 $1 $17 11. Qxh6 g5 $1 $36 {[%mdl 2048] Threatens to win with ...Nf5. Black has strong initiative.} 12. Be4 {[%csl Ge4][%cal Rh6h7]} Nf5 13. Bxf5 Bxf5 14. Nf3 (14. f4 $17 {keeps fighting.}) 14... Kh8 $1 $19 15. Nd5 e4 16. dxe4 Bxe4 17. O-O-O {[#]} (17. Rd1 {was called for.}) 17... Bxf3 $2 (17... b5 $1 $19 {[%mdl 512]} 18. Ne3 (18. cxb5 Nd4) 18... Nb4) 18. exf3 $15 Ne5 19. Rhe1 Nf7 $2 {[%mdl 8192]} (19... a6 $1 $17 {and life is bright.}) 20. Qxf6+ $18 Qxf6 21. Nxf6 Ne5 22. Ne4 (22. Rxd6 $18 Rxf6 23. Rxf6 Nd3+ 24. Kd2 Nxe1 25. Kxe1) 22... Nxf3 23. Re3 $1 Nd4 24. Nxg5 Rxf2 (24... Kg7 $142 25. f4 Rae8) 25. Re7 {[%mdl 64] Double Attack} Raf8 26. Ne6 $2 ({Don't play} 26. Rxh7+ Kg8 $18) ({Stronger than} 26. Nxh7 Rg8 $11) (26. Rxb7 R2f5 $18) (26. h6 $18) 26... Rc2+ 27. Kb1 Rd2 {[%cal Rd2d1]} 28. Re1 Re2 $2 {[%mdl 8192]} (28... Nxe6 $11 29. R1xe6 (29. R7xe6 Rff2 $11) 29... Rff2 30. Re8+ Kg7 31. R8e7+ Kf8 32. Re8+ Kg7 33. h6+ Kf7 34. R8e7+ Kf8 35. Re8+ Kf7 36. R8e7+ Kf8 37. Re8+ Kf7) 29. Rd1 $4 {[%mdl 8192]} (29. Nxf8 $18 {is the narrow road to win.} Rxe1+ 30. Rxe1) 29... Rxe6 30. Rxe6 Nxe6 31. Rxd6 $19 {[%mdl 4096] Endgame KRN-KR} Nd4 {[%cal Rf8f1]} 32. a3 Rf1+ 33. Ka2 Kg7 34. Rd7+ Kh6 (34... Rf7 $142 35. Rd5 b6) 35. Rxb7 Kxh5 ({Black should try} 35... a5 $1 $17 {Strongly threatening ...Rc1.} 36. Ra7 Rc1 37. Rxa5 Rxc4) 36. Rxa7 (36. Rxh7+ $11 Kg6 37. Rxa7) 36... Kg4 (36... h6 $15 37. Rc7 Rf5) 37. Rxh7 $11 Ne6 38. Rc7 $2 {[%mdl 8192]} (38. Re7 $11 Rf6 39. b4) 38... Kf5 $4 {[%mdl 8192]} (38... Nxc7 $19 39. Kb3 Rf2) 39. Rc6 $2 (39. Rf7+ $18 Ke5 40. Rxf1) 39... Ke5 40. g4 Rg1 41. Rb6 Rxg4 42. a4 Rxc4 {[#]} 43. a5 $2 {[%mdl 8192]} (43. b4 $1 $11 {[%mdl 512]}) 43... Ra4+ $19 {[%mdl 64] Double Attack} 44. Kb3 Rxa5 45. Kc4 {[#] If White can now play b4 this consolidates a bit.} Ra8 $2 ({Black should play} 45... Ra1 $1 $19 {Hoping for ...Rc1+.} 46. b4 Rc1+ 47. Kd3 c4+ 48. Kd2 Rf1) 46. b4 $11 Rd8 {...Rd4+ is the strong threat.} 47. bxc5 Rc8 48. Kb5 Kd5 49. c6 $2 {[%mdl 8192]} (49. Rd6+ $11 Ke5 50. Kb6) 49... Nd4+ 50. Ka6 Nxc6 $2 {[%mdl 8192]} (50... Rc7 $11) 51. Kb7 $2 {[%mdl 8192]} (51. Rb5+ $11 Kc4 52. Rh5) 51... Kd6 52. Rxc6+ $2 {[%mdl 8192]} (52. Kxc8 $11 Kd5 53. Kd7 Ne5+ 54. Ke7) 52... Rxc6 {KR-K. Black mates.} 53. Kb8 Rc5 54. Kb7 Kd5 55. Kb8 Rc6 56. Kb7 Kc5 57. Ka7 Kb5 {( -> ...Rc7+)} 58. Ka8 Kb6 {Accuracy: White = 44%, Black = 58%.} 0-1

[Event "Stay Safe Play From Home 142"]
[Site "T#645977Emanuel Laske"]
[Date "2020.05.12"]
[Round "5"]
[White "Little champs"]
[Black "rohit2007"]
[Result "0-1"]
[WhiteElo "2207"]
[BlackElo "2241"]
[Annotator "TA"]
[PlyCount "96"]
[EventDate "2020.05.12"]
[EventType "swiss (blitz)"]

{[%evp 15,95,-7,0,-12,0,-28,-27,-41,0,0,31,21,33,36,184,-28,-36,-99,-34,-38,14,-87,285,284,272,283,264,-522,-500,-854,-846,-830,-96,-91,-83,-59,-6,-6,0,-3,0,0,0,-10,-10,-13,0,0,0,0,0,-18,0,0,0,0,0,0,0,-50,-46,-68,0,-423,-410,-454,-322,-29987,-29988,-29988,-29989,-29989,-29990,-29992,-29986,-29996,-29997,-29997,-29998,-29998,-29999,-29999]} 1. d4 c5 2. e3 cxd4 3. exd4 d5 4. Be2 g6 5. Nf3 Bg7 6. O-O Nc6 7. b3 Nf6 8. Bb2 O-O 9. c3 {[#] A48: 1 d4 Nf6 2 Nf3 g6: Torre, London and Colle Systems.} Ne4 $146 ({Predecessor:} 9... Bf5 10. Nbd2 Rc8 11. Nh4 Bd7 12. f4 e6 13. Ba3 Re8 14. Bd6 Ne4 15. Nxe4 dxe4 16. g3 Qb6 17. Rc1 Nxd4 {0-1 (17) Arvanitakis,P (1615)-Wirig,A (2494) Paleochora 2016}) 10. Na3 {[%cal Bb1a3,Ba3c2,Bc2e3][%mdl 32]} Bg4 11. Nc2 {Black has an edge.} a6 12. Ne3 Be6 13. Rc1 f5 14. c4 f4 (14... dxc4 $14 15. Bxc4 Bxc4 16. bxc4 Rc8) 15. cxd5 $2 (15. Nxd5 $18 Nd6 16. Qd2) 15... fxe3 $11 16. dxe6 (16. dxc6 $15 exf2+ 17. Kh1) 16... exf2+ (16... Nxf2 $17 17. Qe1 Qd6) 17. Kh1 $15 Qd6 (17... Nb4 $15) 18. Qd3 {[#]} (18. Bd3 $11 Nf6 19. Rxf2) 18... Qxe6 $2 {[%mdl 8192]} (18... Rf4 $1 $17 {[%cal Rf4g4] keeps the pressure on. aiming for ...Rg4.} 19. g3 Rg4) 19. d5 $18 {[%mdl 64] Double Attack} Nb4 20. dxe6 Nxd3 21. Bxg7 $4 {[%mdl 8192]} (21. Bxd3 $18 {was the only winning move.} Bxb2 22. Rc2) 21... Nxc1 $19 22. Bxf8 (22. Rxc1 $142 Kxg7 23. Bd3) 22... Nxe2 23. Bxe7 {[#]} Re8 $2 (23... N2g3+ $1 $19 {[%mdl 512] and Black stays clearly on top.} 24. hxg3 Nxg3+ {[%mdl 64] Double Attack} 25. Kh2 Nxf1+ 26. Kh3 Re8) 24. Bh4 $17 Rxe6 {Strongly threatening ...g5!} 25. Bxf2 Nxf2+ (25... Rc6 $15 26. Be3 Rc2) 26. Rxf2 {[%mdl 4096] Endgame KRN-KRN} Nc3 27. g3 b5 28. Kg2 b4 29. Nd4 Rd6 30. Nf3 a5 31. Ne5 Rd5 32. Nc4 Rc5 33. Ne3 Re5 34. Nc4 Rd5 35. Ne3 Rb5 36. Nc4 a4 37. h4 a3 38. Ne3 Re5 (38... Rb7 $15) 39. Nc4 $2 {[%mdl 8192]} (39. Nc2 $11) 39... Re2 $19 40. Kf3 Rxa2 41. Na5 $2 (41. Rxa2 $19 Nxa2 42. Ne3) 41... Rxf2+ {Black mates.} 42. Kxf2 {KN-KN} a2 43. Nc6 a1=Q 44. Nxb4 Qb2+ 45. Kf3 Qe2+ 46. Kf4 Qe4+ {[%mdl 64] Double Attack} 47. Kg5 Qf5+ 48. Kh6 Qh5# {What a bad dream for White. Accuracy: White = 53%, Black = 58%.} 0-1